[Event "BAN-ch (Women) 37th"]
[Site "Dhaka"]
[Date "2017.08.25"]
[Round "6"]
[White "Aahelee, Sarker"]
[Black "Shamima, Akter Liza"]
[Result "0-1"]
[WhiteElo "1698"]
[BlackElo "2141"]
[PlyCount "70"]
[EventDate "2017.08.20"]
[EventType "swiss"]
[EventRounds "9"]
[EventCountry "BAN"]
[SourceTitle "CBM 180 Extra"]
[Source "ChessBase"]
[SourceDate "2017.10.06"]
[SourceVersion "1"]
[SourceVersionDate "2017.10.06"]
[SourceQuality "1"]

1. d4 d5 2. c4 c6 3. Nc3 Nf6 4. e3 a6 5. Nf3 b5 6. c5 Bg4 7. Be2 Nbd7 8. a3 g6 9. 0-0 Bg7 10. Re1 0-0 11. h3 Bxf3 12. Bxf3 e5 13. b3 Re8 14. Bb2 exd4 15. exd4 Rxe1+ 16. Qxe1 Nf8 17. Ne2 Ne6 18. Ng3 Nd7 19. Qd2 Qf6 20. Rd1 Nexc5 21. Qe3 Rd8 22. Rc1 Nb7 23. Bg4 Nb8 24. Rc2 Nd6 25. Qc3 h5 26. Bf3 Re8 27. Re2 Rxe2 28. Nxe2 Qd8 29. Qd2 Nd7 30. Nc1 Nf5 31. Ne2 Nf8 32. Bc3 Ne6 33. g4 hxg4 34. Bxg4 Qf6 35. Nf4 Bh6 0-1

[Event "BAN-ch (Women) 37th"]
[Site "Dhaka"]
[Date "2017.08.24"]
[Round "5"]
[White "Noshin, Anjum"]
[Black "Aahelee, Sarker"]
[Result "0-1"]
[WhiteElo "1638"]
[BlackElo "1698"]
[PlyCount "132"]
[EventDate "2017.08.20"]
[EventType "swiss"]
[EventRounds "9"]
[EventCountry "BAN"]
[SourceTitle "CBM 180 Extra"]
[Source "ChessBase"]
[SourceDate "2017.10.06"]
[SourceVersion "1"]
[SourceVersionDate "2017.10.06"]
[SourceQuality "1"]

1. e4 e5 2. Nf3 Nc6 3. Bb5 a6 4. Ba4 d6 5. c3 Be7 6. 0-0 Bg4 7. Re1 Nf6 8. h3 Bh5 9. g4 Bg6 10. d3 0-0 11. Nbd2 Nd7 12. Nf1 Nc5 13. Bc2 Ne6 14. d4 Ng5 15. Nxg5 Bxg5 16. Bxg5 Qxg5 17. d5 Nb8 18. Qc1 Qh4 19. Qe3 h5 20. Qg3 Qxg3+ 21. Nxg3 hxg4 22. hxg4 Nd7 23. Kg2 f6 24. Rh1 Kf7 25. Nf5 Bxf5 26. gxf5 Rh8 27. Rag1 Nb6 28. b3 Rag8 29. Kf1 Nd7 30. Ke2 Nf8 31. Ke3 Nh7 32. Bd1 Ng5 33. Bh5+ Ke7 34. Bg6 Kf8 35. a4 Ke7 36. b4 c6 37. dxc6 bxc6 38. f3 d5 39. exd5 cxd5 40. Rb1 Kd6 41. f4 exf4+ 42. Kxf4 Rxh1 43. Rxh1 Rc8 44. Rc1 Rc4+ 45. Ke3 Ne4 46. Kd3 Rc7 47. Bh5 Ke5 48. Bg6 Ng3 49. Re1+ Ne4 50. Rc1 Ng3 51. b5 axb5 52. axb5 Rb7 53. Rb1 Ne4 54. b6 Nc5+ 55. Kd2 Kd6 56. Rb4 Nd7 57. Be8 Nxb6 58. Kd3 Rb8 59. Bf7 Kc5 60. Rg4 Rb7 61. Rxg7 Nc4 62. Rh7 Rxf7 63. Rh8 Ne5+ 64. Kc2 Kd6 65. Ra8 Nc4 66. Ra6+ Ke5 0-1

[Event "Dhaka SGS op"]
[Site "Dhaka"]
[Date "2017.06.09"]
[Round "7"]
[White "Nayem, Haque"]
[Black "Aahelee, Sarker"]
[Result "1-0"]
[WhiteElo "2025"]
[BlackElo "1692"]
[PlyCount "121"]
[EventDate "2017.06.03"]
[EventType "swiss"]
[EventRounds "9"]
[EventCountry "BAN"]
[SourceTitle "EXT 2024"]
[Source "ChessBase"]
[SourceDate "2023.10.10"]
[SourceVersion "1"]
[SourceVersionDate "2023.10.10"]
[SourceQuality "1"]

1. d4 d5 2. c4 c6 3. e3 Bf5 4. Qb3 Qb6 5. Nc3 Qxb3 6. axb3 e6 7. c5 Nd7 8. b4 b5 9. Nf3 Ngf6 10. Bd2 Be7 11. Ra3 Nb8 12. Ra2 Nbd7 13. Be2 0-0 14. 0-0 Rfc8 15. Rfa1 Rc7 16. Bxb5 cxb5 17. Nxb5 Rcc8 18. Nxa7 Re8 19. b5 Bxc5 20. dxc5 Nxc5 21. Nd4 Nfd7 22. Bb4 Bd3 23. Ra3 e5 24. Ndc6 Bc4 25. Rc1 Nd3 26. Rc2 Nxb4 27. Nxb4 Rab8 28. e4 Bxb5 29. Nxd5 Red8 30. Ne7+ Kf8 31. Nec6 Bxc6 32. Nxc6 Rdc8 33. Rac3 Rb7 34. f3 Ke8 35. b4 f6 36. Kf2 Nb8 37. Nxb8 Rcxb8 38. Rc8+ Kd7 39. Rxb8 Rxb8 40. Rc4 Kd6 41. Ke3 Ra8 42. Kd3 g6 43. Rc2 f5 44. Kc4 Kc6 45. Rd2 fxe4 46. fxe4 Ra3 47. Rf2 Re3 48. Rf6+ Kb7 49. Kd5 Re2 50. Rf7+ Kb6 51. Rxh7 Rxg2 52. Kxe5 Kb5 53. Kf6 Kxb4 54. e5 Kc5 55. e6 Rf2+ 56. Ke7 Kd5 57. Kd7 Rf6 58. e7 Rd6+ 59. Ke8 Kc5 60. Kf8 Rf6+ 61. Rf7 1-0

[Event "BAN-ch (Women)"]
[Site "Dhaka"]
[Date "2016.10.05"]
[Round "3"]
[White "Sharmin, Samiha Shimmi"]
[Black "Aahelee, Sarker"]
[Result "1-0"]
[WhiteElo "1859"]
[BlackElo "1618"]
[PlyCount "125"]
[EventDate "2016.10.03"]
[EventType "tourn"]
[EventRounds "11"]
[EventCountry "BAN"]
[SourceTitle "CBM 175 Extra"]
[Source "ChessBase"]
[SourceDate "2016.12.12"]
[SourceVersion "1"]
[SourceVersionDate "2016.12.12"]
[SourceQuality "1"]

1. e4 e5 2. Nf3 Nc6 3. Bc4 Bc5 4. d3 Nf6 5. c3 d6 6. Bb3 Ne7 7. h3 Ng6 8. Bc2 0-0 9. 0-0 c6 10. d4 Bb6 11. Be3 Re8 12. Nbd2 Bd7 13. Re1 h6 14. a4 Qc8 15. a5 Bc7 16. Nf1 exd4 17. Bxd4 Nh5 18. N3h2 Nhf4 19. Qf3 Ne6 20. Be3 Ne5 21. Qe2 d5 22. b3 f6 23. f4 Nf7 24. Qf3 Qb8 25. exd5 cxd5 26. Qxd5 Bc6 27. Qf5 Nxf4 28. Bxf4 Rxe1 29. Bxc7 Rxf1+ 30. Rxf1 Qxc7 31. Nf3 Re8 32. Nd4 Bd7 33. Qf3 Ne5 34. Qd5+ Kf8 35. Bh7 Nf7 36. Bg6 Bc6 37. Ne6+ Rxe6 38. Qxe6 Ng5 39. Qe3 Qxa5 40. Re1 Qb6 41. Qxb6 axb6 42. h4 Nf7 43. Bxf7 Kxf7 44. Kf2 b5 45. g3 h5 46. Ke3 Bd5 47. b4 g6 48. Kd4 Bc6 49. Kc5 g5 50. Kd6 g4 51. Re7+ Kg6 52. Ke6 Bg2 53. Re8 Bc6 54. Rf8 f5 55. Rf6+ Kg7 56. Kxf5 Bd7+ 57. Kg5 Bc6 58. Rxc6 bxc6 59. Kxh5 Kf6 60. Kxg4 Ke5 61. Kf3 Kd5 62. Ke3 Kc4 63. Kd2 1-0

[Event "BAN-ch (Women)"]
[Site "Dhaka"]
[Date "2016.10.04"]
[Round "2"]
[White "Aahelee, Sarker"]
[Black "Protiva, Talukder"]
[Result "1-0"]
[WhiteElo "1618"]
[BlackElo "1729"]
[PlyCount "143"]
[EventDate "2016.10.03"]
[EventType "tourn"]
[EventRounds "11"]
[EventCountry "BAN"]
[SourceTitle "CBM 175 Extra"]
[Source "ChessBase"]
[SourceDate "2016.12.12"]
[SourceVersion "1"]
[SourceVersionDate "2016.12.12"]
[SourceQuality "1"]

1. e4 c5 2. Nf3 d6 3. d4 cxd4 4. Nxd4 Nf6 5. Nc3 g6 6. Bc4 Bg7 7. 0-0 0-0 8. Bb3 Nc6 9. Nde2 Bd7 10. Kh1 Na5 11. Ng3 Nxb3 12. axb3 a6 13. f4 Rc8 14. Be3 Qc7 15. f5 Kh8 16. Qd2 Bc6 17. Bh6 Ng4 18. Bxg7+ Kxg7 19. Qg5 Nf6 20. fxg6 fxg6 21. Rf4 Kh8 22. Raf1 Rf7 23. h4 Rg8 24. Nce2 Qb6 25. e5 dxe5 26. Qxe5 Qb5 27. Qxb5 Bxb5 28. c4 Bc6 29. Nd4 Bd7 30. Nf3 Bc6 31. Ne5 Rff8 32. Nxc6 bxc6 33. Kg1 Kg7 34. Re1 Re8 35. Re6 Nd7 36. Rxc6 a5 37. Rc7 Ne5 38. Re4 Nd3 39. Rcxe7+ Rxe7 40. Rxe7+ Kh6 41. Ra7 Rb8 42. Rxa5 Rxb3 43. Ra3 Rxa3 44. bxa3 g5 45. h5 g4 46. Kf1 Kg5 47. Ke2 Nf4+ 48. Kf2 Kf6 49. Ne2 Nxh5 50. Ke3 Ke5 51. a4 Nf6 52. Nc3 Nd7 53. a5 Nb8 54. Nd5 Na6 55. Nf4 Nc5 56. Nd3+ Kd6 57. Nxc5 Kxc5 58. Kf4 Kxc4 59. a6 Kd3 60. a7 Ke2 61. Kxg4 Kf2 62. a8Q Kg1 63. Kg3 Kf1 64. Qa6+ Ke1 65. Kf3 Kd2 66. Qh6+ Ke1 67. Qe3+ Kd1 68. Qd3+ Kc1 69. Ke3 h5 70. Qb3 h4 71. Kd3 h3 72. Qc2# 1-0

[Event "BAN-ch (Women)"]
[Site "Dhaka"]
[Date "2016.10.03"]
[Round "1"]
[White "Noshin, Anjum"]
[Black "Aahelee, Sarker"]
[Result "0-1"]
[WhiteElo "1371"]
[BlackElo "1618"]
[PlyCount "98"]
[EventDate "2016.10.03"]
[EventType "tourn"]
[EventRounds "11"]
[EventCountry "BAN"]
[SourceTitle "CBM 175 Extra"]
[Source "ChessBase"]
[SourceDate "2016.12.12"]
[SourceVersion "1"]
[SourceVersionDate "2016.12.12"]
[SourceQuality "1"]

1. e4 e5 2. Nf3 Nc6 3. Bb5 a6 4. Ba4 d6 5. d4 b5 6. Bb3 Bg4 7. c3 Nf6 8. d5 Na5 9. Bc2 Nc4 10. Nbd2 Nb6 11. 0-0 Be7 12. Re1 0-0 13. Nf1 c6 14. dxc6 Qc7 15. Ng3 Qxc6 16. h3 Be6 17. Ng5 Bd7 18. Qe2 h6 19. Nf3 Be6 20. Qd3 Rfc8 21. Bb1 Na4 22. Qe2 Nd7 23. Be3 Nab6 24. Qd1 Nc4 25. Bc1 Nc5 26. Nd2 Rd8 27. Nxc4 bxc4 28. Bc2 Rab8 29. Rb1 a5 30. Be3 Bh4 31. Bxc5 Qxc5 32. Qf3 Rd7 33. Bd1 Rdb7 34. Re2 Qc7 35. Qe3 Qc6 36. Nf1 Bg5 37. Qf3 a4 38. Ne3 Bxe3 39. Qxe3 a3 40. Rd2 Rxb2 41. Rdxb2 Rxb2 42. Ra1 f5 43. exf5 Bxf5 44. Bf3 Qb5 45. Qc1 Kh7 46. Kh2 Qc5 47. Qf1 Qxf2 48. Qxc4 Qxf3 49. Rg1 Qxh3# 0-1